Clasificación tipológica preliminar de algunas formas de la cerámica común romana / Mercedes Vegas
Descripción Física:
50 p. : il. ; 25 cm
Colección:
Publicaciones eventuales ; 8
Materias:
Ceràmica romana -- Classificació
MARC
| LEADER | 00000nam a2200000Ia 4500 | ||
|---|---|---|---|
| 001 | 8899 | ||
| 008 | 160829s1964 xx 000 0 cat d | ||
| 080 | |a B-1-114 | ||
| 100 | |a Vegas, Mercedes |9 25589 | ||
| 245 | |a Clasificación tipológica preliminar de algunas formas de la cerámica común romana / Mercedes Vegas | ||
| 260 | |a Barcelona : |b Universidad de Barcelona. Instituto de Arqueología y Prehistoria, |c 1964 | ||
| 300 | |a 50 p. : |b il. ; |c 25 cm | ||
| 490 | |a Publicaciones eventuales ; 8 | ||
| 650 | |a Ceràmica romana |x Classificació |9 25590 | ||
| 710 | 2 | |a Universitat de Barcelona. |b Institut d'Arqueologia i Prehistòria |9 52757 | |
| 901 | |a Arxiu | ||
| 942 | |n 1 | ||
| 952 | |0 0 |1 0 |4 0 |6 B1114 |7 1 |9 43690 |a Arxiu |b Arxiu |d 2016-12-01 |l 0 |o B-1-114 |p 8899 |r 2016-12-01 00:00:00 |w 2016-12-01 |y ARXIU | ||
| 999 | |c 46238 |d 46238 | ||